000 01853nam a2200397 c 4500
999 _c129851
_d129851
003 BLK
005 20201009152621.0
008 180409b bul|||||r ||||||| ||bul||
010 _aKNG00135596000
040 _aBLK
041 _aBUL
_cBUL
072 7 _2bullib
_aЦ
_xРедки и ценни
080 _aСредна степен. Регионално управление на области, окръзи, кантони, департаменти, провинции и др.
_b353
_x(497.217)
_z353(497.217)
139 _aОкръжен съвет. Шумен
_bО 47
245 1 0 _aИзложение за състоянието на Шумненското окръжие през 1889 г.
_bПредставено на Шумненский окр. съвет през редовната му септ. сесия от Шуменския окр. управител М. М. Радославов
_c* М. М. Радославов.
257 _aBGR
260 _c1889
_fШумен : скоропеч. Д. Кънчев
_aШумен
300 _a24 с.
_c21 см
380 _a3
490 _9435080
_aКолекция Редки и ценни издания
650 4 _aИкономическо развитие - България
_9257580
650 4 _aСоциално-икономическо положение - Шумен
_9321901
650 4 _aМестно управление - България
_9255783
651 4 _aБългария
_9241624
651 4 _aШумен
_9179809
653 _aсоциално-икономическо развитие
653 _aместно управление
653 _aсъвети
659 _aЦ
700 1 _aРадославов, М. М.
_e*
_9321899
710 1 _aОкръжен съвет. Шумен
_9321900
852 _aРб 889
856 4 _qpdf
856 4 _qpdf
942 _cKNG
_n0
_s1
944 _aCR
_c26.10.2012
_lф / 26.10.2012
_kЛюдмила_Стоянова
944 _aED
_c30.10.2012
_lф / 26.10.2012
999 _d129851